Sports Quiz

Random Sports or Soccer Quiz

USMNT World Cup Goalscorers (1994-) Quiz Stats

Quiz not verified by Sporcle

Challenge
Share
Tweet
Embed
Score 0/8 Timer 02:00
0 Plays Today
Year(s) Scored Player % Correct
2002 and 2010Landon Donovan
100%
2006 and 2010Clint Dempsey
97.5%
1998 and 2002Brian McBride
81.5%
2010Michael Bradley
79%
1994Eric Wynalda
69.1%
1994Earnie Stewart
56.8%
2002Clint Mathis
53.1%
2002John O'Brien
51.9%

You're not logged in!

Compare scores with friends on all Sporcle quizzes.
Join for Free
OR
Log In

Show Comments

Extras

Top Quizzes Today


Score Distribution

Your Account Isn't Verified!

In order to create a playlist on Sporcle, you need to verify the email address you used during registration. Go to your Sporcle Settings to finish the process.

Report this User

Report this user for behavior that violates our Community Guidelines.

Details: